<?xml version="1.0" encoding="UTF-8"?>
<collection xmlns:xsi="http://www.w3.org/2001/XMLSchema-instance" xsi:schemaLocation="http://www.loc.gov/MARC21/slim http://www.loc.gov/standards/marcxml/schema/MARC21slim.xsd" xmlns="http://www.loc.gov/MARC21/slim">
 <record>
  <leader>00000cam a22000004i 4500</leader>
  <controlfield tag="001">UP-1685594773861693831</controlfield>
  <controlfield tag="003">Buklod</controlfield>
  <controlfield tag="005">20090322132345.0</controlfield>
  <controlfield tag="006">j|||||||||||||| | </controlfield>
  <controlfield tag="007">ta</controlfield>
  <controlfield tag="008">160622s1989    ilu     r    |010 0|eng d</controlfield>
  <datafield tag="035" ind1=" " ind2=" ">
   <subfield code="a">(iLib)UPBAG-00005067550</subfield>
  </datafield>
  <datafield tag="040" ind1=" " ind2=" ">
   <subfield code="a">DLC</subfield>
   <subfield code="d">BAG</subfield>
   <subfield code="e">rda</subfield>
  </datafield>
  <datafield tag="041" ind1="0" ind2=" ">
   <subfield code="a">eng</subfield>
  </datafield>
  <datafield tag="090" ind1=" " ind2="0">
   <subfield code="a">HQ 1410</subfield>
   <subfield code="b">M63</subfield>
  </datafield>
  <datafield tag="245" ind1="0" ind2="0">
   <subfield code="a">Modern American women</subfield>
   <subfield code="b">a documentary history</subfield>
   <subfield code="c">Susan Ware.</subfield>
  </datafield>
  <datafield tag="264" ind1=" " ind2="1">
   <subfield code="a">Chicago, Illinois</subfield>
   <subfield code="b">Dorsey Press</subfield>
   <subfield code="c">©1989.</subfield>
  </datafield>
  <datafield tag="300" ind1=" " ind2=" ">
   <subfield code="a">xv, 468 pages</subfield>
   <subfield code="b">illustrations</subfield>
   <subfield code="c">22 cm</subfield>
  </datafield>
  <datafield tag="504" ind1=" " ind2=" ">
   <subfield code="a">Includes bibliographical references.</subfield>
  </datafield>
  <datafield tag="505" ind1="0" ind2=" ">
   <subfield code="a">The fair women, Chicago, 1893 / Bertha Palmer -- Black women plan to lead their race / Anna J. Cooper -- Frances Willard Equates learning to ride a bicycle with opening new frontiers for women -- An immigrant daughter anakens to the possibilities of the new world / Anzia Yezierska -- Dance hall madness / Belle Lindner Israels -- A new restlessness in women's fiction / Honore Willsie -- M. Carey Thomas at Cornell -- Jane Addams struggles with the problem of &quot;after college, what?&quot; -- Alice Hamilton explores the dangerous trades -- Black women enter the teaching profession / Mamie Garvin Fields -- A pioneering dean of women / Lucy Sprague Mitchell -- Women and progressive politics / Mary Ritter Beard -- The burdens of rural women's lives -- The harsh conditions of domestic service -- Working in a New York laundry / Dorothy Richardson -- The story of a glove maker / Agnes Nestor -- Protective legislation for women workers / Muller V. Oregon -- Housewives protest high food prices / Meredith Tax -- A feminist challenge to the privatized home / Charlotte Perkins Gilman -- Margaret Sanger's epiphany over birth control -- A radical view of women's emancipation / Emma Goldman -- Greenwich village Bohemians / Mabel Dodge Luhan -- A western suffragist talks to her Eastern Sisters / Abigail Scott Duniway -- Open-air meetings: a new suffrage tactic / Florence Luscomb -- A labor organizer speaks out for suffrage / Leonora O'Reilly -- &quot;Front door lobbying: for suffrage / Maud Wood Park -- Suffrage militant  Alice Paul goes to jail -- New voters / Carrie Chapman Catt -- Generational conflicts / Dorothy Dunbar Bromley -- Creating a feminist lifestyle / Crystal Eastman -- Anxious mothers write the children's Bureau -- Female adolescence / Kate Simon -- The despair of unemployed women / Meridel LeSueur -- A California woman asks Eleanor Roosevelt for help -- The dust bowl / Ann Marie Low -- The life cycle of a white Southern farm woman / Margaret Jarman Hagood -- Harder times for black Americans / Maya Angelou -- Women and labor militancy / Genora Johnson Dollinger -- Rosie the riveter / Fanny Christina Hill -- Women in the armed forces / Evelyn Fraser -- Wartime romances / Agnes Burke Hale -- Wartime Migration / Harriette Arnow -- Japanese Relocation -- Monica Sone -- The feminine mystique, from the woman who coined the phrase / Betty Friedan -- Another view of housewives in the 1950s / Mirra Komarovsky -- Balancing work and family in the 1950s / Betty Jeanne Boggs -- A matter of conscience . Lillian Hellman -- Civil rights activists / Rosa Parks and Virginia Foster Durr -- Coming of age in Mississippi / Anne Moody -- Founding the National Organization for women -- Feminist Guerilla theater, 1968 / Robin Morgan -- The politics of housework / Pat Mainardi -- Thoughts on Indian Feminisn / Kate Shanley -- Black feminism / Combahee River Collective -- A more personal view of black feminism / Michele Wallace -- Clerical workers unite / Cathy Tuley -- The real &quot;Norma Rae&quot; tells her story / Crystal Lee Sutton -- Organizing the farm workers / Jessie Lopez De La Cruz -- Women on welfare / Johnnie Tillmon -- Sex and the single girl / Helen Gurley Brown -- Women and health / The Boston Women's Health Collective -- Abortion as a legal and feminist issue / Roe C. Wade -- Coming out / Margaret Cruishank -- If men could menstruate / Gloria Steinem -- Houston, 1977 -- The positive woman / Phyllis Schlafley -- Feminism's second stage / Betty Friedan -- The gender Gap / Bella Abzug -- The next generation / Ellen Goodman.</subfield>
  </datafield>
  <datafield tag="650" ind1=" " ind2="0">
   <subfield code="a">Women</subfield>
   <subfield code="z">United States</subfield>
   <subfield code="x">History</subfield>
   <subfield code="y">20th century</subfield>
   <subfield code="x">Sources.</subfield>
  </datafield>
  <datafield tag="650" ind1=" " ind2="0">
   <subfield code="a">Feminism</subfield>
   <subfield code="z">United States</subfield>
   <subfield code="x">History</subfield>
   <subfield code="y">20th century</subfield>
   <subfield code="x">Sources.</subfield>
  </datafield>
  <datafield tag="650" ind1=" " ind2="0">
   <subfield code="a">Women social reformers</subfield>
   <subfield code="z">United States</subfield>
   <subfield code="x">History</subfield>
   <subfield code="x">Sources.</subfield>
  </datafield>
  <datafield tag="700" ind1="1" ind2=" ">
   <subfield code="a">Ware, Susan</subfield>
   <subfield code="d">1950-</subfield>
   <subfield code="e">compiler.</subfield>
  </datafield>
  <datafield tag="905" ind1=" " ind2=" ">
   <subfield code="a">FO</subfield>
  </datafield>
  <datafield tag="852" ind1="0" ind2=" ">
   <subfield code="a">UPBAG</subfield>
   <subfield code="b">UPBAG-MAIN</subfield>
   <subfield code="h">HQ 1410 M63</subfield>
  </datafield>
  <datafield tag="942" ind1=" " ind2=" ">
   <subfield code="a">Book</subfield>
  </datafield>
 </record>
</collection>
